Obrazová sbírka kláštera premonstrátů v Teplé
| Titel: | Obrazová sbírka kláštera premonstrátů v Teplé |
|---|---|
| Verfasser: | |
| In: |
Muzeum Cheb: Sborník Chébskeho Muzea, (2004), Seite 67-82 alle Artikel anzeigen |
| Veröffentlicht: | 2004[2005] |
| Format: | Aufsatz |
| Sprache: | Tschechisch |
X
alg: 39329074 001A $01999:11-11-16 001B $03025:27-03-26 $t09:59:38.000 001C $06050:19-11-16 $t22:36:49.000 001D $01999:11-11-16 001U $0utf8 001X $00 002@ $0Aox 003@ $0393290743 007A $0393290743 $aHEB 007T $0Herdpp092201 010@ $acze 011@ $a2004 $n2004[2005] 021A $aObrazová sbírka kláštera premonstrátů v Teplé 028A $aHlinomaz $dMilan 031A $h67-82 $j2004 037A $aRés. něm. s. 82: Die Bildergalerie des Prämonstranserklosters in Tepl 039B $aIn $8--Abvc--Muzeum Cheb [Tb1]. Sborník Chébskeho Muzea. - Cheb : Muzeum, 1993-2006. - ISSN 1211-9210 $x200400000000000933 $9070513341 044K $RStift Tepl $#Prämonstratenserkloster Tepl $#Prämonstratenserstift Tepl $#Premonstrátský Klášter Tepl $#Monasterium Teplense Ordinis Praemonstratensis $#Stift Tepl $#Teplá Monastery $#Premonstratensian Abbey Teplá $76024385-5 $8Klášter Premonstrátů$gTepl [Tb1] $910088508X 045T $a9,10 $a7,41 lok: 39329074 78 exp: 39329074 78 1 #EPN 201B/01 $026-11-17 $t02:47:51.000 201U/01 $0utf8 203@/01 $0789401134 208@/01 $a11-11-16 $be 209A/01 $a/ $f000 $x00 220C/01 $aHerkunft: Hú Av Čr Praha 244Z/01 $#Tschechien $#Tschechische Republik $#Tschechien $#Tschechische Republik $#Tschechenland $#Tschechei Tschechien $#Česká Republika $#Czech Republic $#ČR $74303381-7 $8--Tg1--Tschechien $x01 $9086659812 244Z/01 $2Trx $#Böhmen $#Bohemia $#Czechy $8--Trx--Čechy $x02 $9391188941 244Z/01 $2Trx $#Tepl Karlsbad $#Tepl Stift $#Teplá klášter;Teplá $8--Trx--Teplá$gKarlovy Vary $x03 $9391352202 244Z/01 $aGeschichte 1500-1800 $x04 244Z/01 $2Trx $#maalikunst $#tapyba $#Painting $#festészet $#malarstwo $#maliarstvo $#malířství $8--Trx--Malerei $x05 $9391366467 244Z/01 $aobrazárny $x06 244Z/01 $2Trx $#maalikunst $#tapyba $#Painting $#festészet $#malarstwo $#maliarstvo $#malířství $8--Trx--Malerei $x07 $9391366467 244Z/01 $2Trx $#kloostrid $#vienuolynai $#monasteries $#kolostorok $#klasztory $#kláštory $#kláštery $8--Trx--Klöster $x08 $9391383108 244Z/01 $2Trx $#ordud premonstraatlased $#ordinas norbertinų $#order Premonstratensians $#szerzetesrendek Premontrei szerzetesek $#zakony, norbertanie $#rád, premonštráti $#řád, premonstráti $#Prämonstratenser $#premonstratensi $#norbertanie $#premonštráti $#premonstráti $8--Trx--Orden$gPrämonstratenser $x09 $9391375741 244Z/01 $2Trx $8--Trx--Zeitschriftenaufsatz $x10 $9391384341 247C/01 $82080>Marburg/Lahn, Herder-Institut, Forschungsbibliothek, Bibliographieportal $9336309341
| LEADER | 00000caa a22000002c 4500 | ||
|---|---|---|---|
| 001 | 393290743 | ||
| 003 | DE-603 | ||
| 005 | 20260327095938.0 | ||
| 007 | tu | ||
| 008 | 161111s2004 xx |||| | u00||u|cze c | ||
| 035 | |a (DE-599)HEB393290743 | ||
| 040 | |a DE-603 |b ger |c DE-603 |d DE-603 | ||
| 041 | |a cze | ||
| 084 | |a 9,10 |a 7,41 |2 ssgn | ||
| 100 | 1 | |a Hlinomaz, Milan | |
| 245 | 0 | 0 | |a Obrazová sbírka kláštera premonstrátů v Teplé |
| 264 | 0 | |c 2004[2005] | |
| 500 | |a Rés. něm. s. 82: Die Bildergalerie des Prämonstranserklosters in Tepl | ||
| 610 | 1 | 7 | |a Klášter Premonstrátů |g Tepl |2 gnd |0 (DE-588)6024385-5 |0 (DE-603)10088508X |
| 773 | 0 | 8 | |i In |a Muzeum Cheb |t Sborník Chébskeho Muzea |d Cheb : Muzeum, 1993-2006 |x 1211-9210 |g (2004), Seite 67-82 |w (DE-603)070513341 |w (DE-600)1353473-7 |
| 924 | 0 | |9 2080 |a (DE-603)789401134 |b DE-2080 |c HES |d d |g / | |


